000 00446nam a2200157Ia 4500
008 220803s9999 xx 000 0 und d
020 _a0-419-19900-4
041 _aeng
082 _a720.47 HAW
100 _aHawkes D.
_924236
245 _aEnvironmental Tradition : Studies In The Architecture Of Environment
260 _aLondon
_bE And FN Spon
_c1996
300 _a212p
500 _aEnvironment
650 _aEnvironmental Architecture
_924237
999 _c15340
_d15340